Objective english / (Record no. 105453)

MARC details
000 -LEADER
fixed length control field 00842nam a22002297a 4500
005 - DATE AND TIME OF LATEST TRANSACTION
control field 20170511112439.0
010 ## - LCCN (DPL NO)
LC control number ENG-116901
020 ## - INTERNATIONAL STANDARD BOOK NUMBER
International Standard Book Number 9789332547070
Terms of availability 525.00
035 ## - SYSTEM CONTROL NUMBER
System control number EN-100433
035 ## - SYSTEM CONTROL NUMBER
System control number B-665162
037 ## - SOURCE OF ACQUISITION
Source of stock number/acquisition DBAD/PUB
082 ## - DEWEY DECIMAL CLASSIFICATION NUMBER
Classification number 480.00
100 ## - MAIN ENTRY--PERSONAL NAME
Personal name Thorpe, Edgar
245 ## - TITLE STATEMENT
Title Objective english /
Statement of responsibility, etc by Edgar Thorpe [and] Showick Thorpe
Remainder of title for competitve examinations /
250 ## - EDITION STATEMENT
Edition statement 6th ed.
260 ## - PUBLICATION, DISTRIBUTION, ETC. (IMPRINT)
Place of publication, distribution, etc Noida
Name of publisher, distributor, etc Pearson
Date of publication, distribution, etc 2017
270 ## - ADDRESS
Address A-8(A), 7th Floor, Knowledge Boulevard, Sector-62,
City Noida
Postal code 201309
300 ## - PHYSICAL DESCRIPTION
Extent Various Pagings
Dimensions 25cm(pbk)
700 ## - ADDED ENTRY--PERSONAL NAME
Personal name Thorpe,Showick
942 ## - ADDED ENTRY ELEMENTS (KOHA)
Source of classification or shelving scheme Dewey Decimal Classification
Item type English Books
Call number suffix THO
Classification part 480
Holdings
Withdrawn status Lost status Not for loan Collection code Home library Current library Date acquired Source of acquisition Cost, normal purchase price Full call number Barcode Copy number Cost, replacement price Koha item type
      Non-fiction Ashok Vihar Ashok Vihar 11/05/2017 BPPD/EN/2016-17/AV/16-17/452/15.2.2017/5058/28.2.2017/ 7.3.2017 525.00 480 THO B-665162 1 525.00 English Books
    Not For Loan Non-fiction D.B.Act.Division D.B.Act.Division 22/12/2016 DBAD/PUB 525.00 480 THO EN-100433 1 525.00 English Books

© Delhi Public Library
Hit Counter
free hit counter